Villages de fiction - Statistiques

Statistiques générales
  • Ce quiz a été pris 50 fois
    5 depuis la dernière actualisation
  • Le résultat moyen est 9 sur 28
Statistiques - réponses
Nom du village Univers % Correct
Village des irréductibles gaulois Astérix
100%
Beurk Dragons
100%
Pré-au-Lard Harry Potter
100%
Konoha Naruto
100%
Bourg Palette Pokémon
100%
Village Cocorico The Legend of Zelda
100%
Village Ishigami Dr.Stone
67%
Fuchsia One Piece
67%
Paleto Bay Grand Theft Auto
33%
Village des Globox Rayman
33%
Village de Vanya Seven Deadly Sins
33%
Champignac Spirou
33%
Village Pianta Super Mario Sunshine
33%
Kaer Trolde The Witcher
33%
Awa'atlu Avatar: la voie de l'eau
0%
Village de Chin Avatar: le dernier maître de l'air
0%
Hadge Black Clover
0%
Village des morts-vivants Dark Souls
0%
Tristram Diablo
0%
Chérubelle Dragon Quest
0%
Carvahall Eragon
0%
Nibelheim Final Fantasy
0%
Resembool Full Metal Alchemist
0%
Miceland Le Cycle des Magiciens
0%
Kamura Monster Hunter
0%
Village de Carné Overlord
0%
Village skaal The Elder Scrolls
0%
Couveneige Undertale
0%
Aucun quiz correspondant
Distribution des résultats
% des personnes avec chaque résultat
Percentile par nombre de réponses
Votre historique - résultats
Vous n’avez pas pris ce quiz depuis la dernière actualisation